Zamilovaný měsíc

Hlavní autor: Valdauf, Karel, 1913-1982
Další autoři: Nádvorník, Bohuslav, 1920-1994, Fischer, Ivo, 1924-1990
Jazyk: Čeština
Vydáno: Praha : Panton, 1966
Vydání: 1. vyd.
Edice: Taneční orchestr
Fyzický popis: 22 hlasů
Hudebniny Hudebniny
Uloženo v:
LEADER 01082ncm a22002772a 4500
001 001096868
003 CZ BrMZK
005 20110504144159.0
007 qu
008 100517s1966 xr |||||||||||||||||cze d
040 |a BOA001  |b cze 
072 7 |a 785  |x Instrumentální hudba. Symfonická hudba. Hudba pro více nástrojů  |2 Konspekt  |9 9 
100 1 |a Valdauf, Karel,  |d 1913-1982  |7 jk01141199  |4 cmp  |4 arr 
245 1 0 |a Zamilovaný měsíc  |h [hudebnina] :  |c polka / Karel Valdauf ; text Bohuslav Nádvorník. V mléčné dráze : valčíková píseň / Karel Valdauf ; text Ivo Fischer ; arrang. autor 
250 |a 1. vyd. 
260 |a Praha :  |b Panton,  |c 1966 
300 |a 22 hlasů 
490 1 |a Taneční orchestr ;  |v 10 
700 1 |a Nádvorník, Bohuslav,  |d 1920-1994  |7 jk01082630  |4 lyr 
700 1 |a Fischer, Ivo,  |d 1924-1990  |7 jk01031259  |4 lyr 
740 0 2 |a V mléčné dráze 
830 0 |a Taneční orchestr 
910 |a BOA001  |b Mus3-0576.105 
990 |a MU 
991 |b 201005 
996 6 |b 2619452351  |c Mus3-0576.105  |l MZK  |r Sklad / do 1 hodiny  |n 0  |p xerox  |w 001122771  |u 000020  |a 1  |e BOA001  |j MZK50  |s P